Bd. 40, № 1-5; Annalen der Physik. 4 Folge

Dades bibliogràfiques
Parent link:Annalen der Physik. 4 Folge: magazin/ ed. Paul Drude. Bd. 40, № 1-5.— , 1900-1928
Idioma:alemany
Publicat: 1913
Format: MixedMaterials Llibre
KOHA link:https://koha.lib.tpu.ru/cgi-bin/koha/opac-detail.pl?biblionumber=541426

MARC

LEADER 00000nam2a2200000 4500
001 541426
005 20231101114810.0
035 |a (RuTPU)RU\TPU\prd\231681 
035 |a RU\TPU\prd\231678 
090 |a 541426 
100 |a 20150220a18411899k y0gery50 ba 
101 0 |a ger 
102 |a DE 
200 0 |a Bd. 40, № 1-5 
210 |d 1913 
461 1 |0 (RuTPU)RU\TPU\prd\1126  |t Annalen der Physik. 4 Folge  |o magazin  |f ed. Paul Drude  |v Bd. 40, № 1-5  |d 1900-1928 
801 0 |a RU  |b 63413507  |c 20010227  |g PSBO 
801 1 |a RU  |b 63413507  |c 20080423  |g PSBO 
801 2 |a RU  |b 63413507  |c 20150311  |g PSBO 
942 |c BK 
999 |a НТБ_ТПУ  |b НФ  |e -14/20140209  |p П-87  |u 0  |v 1  |x 3527